| 000 | 00694nam a2200193Ia 4500 | ||
|---|---|---|---|
| 003 | GCL | ||
| 008 | 140319s9999 xx 000 0 ara d | ||
| 040 |
_aGCL / _cGCL |
||
| 082 | 0 | 4 |
_a001.6424 _bم ن |
| 100 | 1 | _aمحمد السعيد خشبة | |
| 245 | 1 | 0 |
_aنظم ادارة قواعد البيانات قاعدة البيانات 4 Dbase Iv / _cمحمد السعيد خشبة |
| 260 |
_a[S.N] : _bدار المعارف ، _c1992 |
||
| 300 | _a239 ص | ||
| 490 |
_aكتاب برمجيات الكمبيوتر _v0 |
||
| 650 | 0 | 4 | _aالحاسبات الالكترونية |
| 650 | 0 | 4 | _aدى بيز فور |
| 650 | 0 | 4 | _aالحاسبات الالكترونية - برامج |
| 942 |
_2ddc _cBK |
||
| 999 |
_c53097 _d53097 |
||